00600nam a2200169 a 450000100060000000300090000600800410001502000150005604000280007108200180009910000410011724501410015826000560029930000110035565000270036665000370039315558CO-ViMGA141112s2004 ck r 000 u spa d a9586910628 aCO-ViMGAbspacCO-ViMGA04a372.357 C656c1 aMinisterio de Educación Nacional, 10aCiencias naturales y educación ambiental : bLineamientos curriculares ; Referentes teóricos, implicaciones pedagogicas y didacticas aBogotá, cMinisterio de educación Nacional 1998 a181.p.14aCIENCIAS - ENSEÑANZA14aeducación AMBIENTAL - COLOMBIA